| 000 | 01580cam a2200445Ma 4500 | ||
|---|---|---|---|
| 001 | 74604 | ||
| 005 | 20230410103856.0 | ||
| 008 | 070215s2007 couab b 001 0deng | ||
| 010 | _a2007005438 | ||
| 035 | _a(OCoLC)ocn420009184 | ||
| 040 |
_aDLC _cLOA |
||
| 020 | _a9781588265289 (hardcover : alk. paper) | ||
| 020 | _a1588265285 (hardcover : alk. paper) | ||
| 020 | _a9781588265043 (pbk. : alk. paper) | ||
| 020 | _a1588265048 (pbk. : alk. paper) | ||
| 035 | _a(OCoLC)420009184 | ||
| 043 | _aa-iq--- | ||
| 050 | 1 | 4 |
_a414 DS 79.769 _bI65 2007 |
| 082 | 0 | 0 | _a956.704 |
| 049 | _aGRAL | ||
| 245 | 0 | 0 |
_aIraq : _bpreventing a new generation of conflict / _cedited by Markus E. Bouillon, David M. Malone, and Ben Rowswell; foreword Terje Rod-Larsen |
| 260 |
_aBoulder, Col. _aLondon : _bLynne Rienner Publishers, _cc2007. |
||
| 300 |
_axiv, 351 p. : _bill., map ; _c23 cm. |
||
| 500 | _a"A Project of the International Peace Academy" (cover) | ||
| 504 | _aIncludes bibliographical references (p. 315-325) and index. | ||
| 650 | 0 |
_aIraq War, 2003- _xPeace. |
|
| 650 | 0 |
_aPeace-building _zIraq. |
|
| 650 | 0 |
_aNation-building _zIraq. |
|
| 650 | 4 | _aGuerra de Irak, 2003- | |
| 650 | 4 |
_aGuerra de Irak, 2003-2011 _xPaz. |
|
| 650 | 4 |
_aProceso de paz _zIrak. |
|
| 700 | 1 |
_aBouillon, Markus, _d1975- |
|
| 700 | 1 |
_aMalone, David, _d1954- |
|
| 700 | 1 | _aRowswell, Ben. | |
| 710 | 2 | _aInternational Peace Academy. | |
| 856 | 4 | 1 |
_3Table of contents only _uhttp://www.loc.gov/catdir/toc/ecip0711/2007005438.html |
| 942 |
_2lcc _cbk |
||
| 994 |
_aC0 _bDRFGD |
||
| 946 | _aPP | ||
| 999 |
_c27540 _d27540 |
||